000 00913nam a22001937a 4500
003 OSt
005 20251125100408.0
008 251125b |||||||| |||| 00| 0 eng d
040 _cDCL
082 _a၉၂၇.၈၄၂
100 0 _aစိန်တင်ဟန်၊
_cရွာစား
245 1 0 _aဆိုင်းသမား /
_cရွာစားစိန်တင်ဟန်။
250 _aဒုတိယအကြိမ်။
264 _aရန်ကုန် ၊
_bနှစ်ကာလများစာပေ၊
_c၂၀၂၄။
300 _a၄၉၄ စာမျက်နှာ၊
_bပုံများ ၊
_c၂၁ စင်တီ။
600 _aစိန်တင်ဟန်၊ ရွာစား
_vအတ္ထုပ္ပတ္တိ။
650 _aဆိုင်းသမား
_xအတ္ထုပ္ပတ္တိ
942 _2ddc
_cSHORT TERM
_n0
999 _c2617
_d2617